Report and papers (Record no. 513378)

MARC details
000 -LEADER
fixed length control field 00876nam a2200241Ia 4500
003 - CONTROL NUMBER IDENTIFIER
control field OSt
005 - DATE AND TIME OF LATEST TRANSACTION
control field 20220925190124.0
008 - FIXED-LENGTH DATA ELEMENTS--GENERAL INFORMATION
fixed length control field 220923b |||||||| |||| 00| 0 eng d
037 ## - SOURCE OF ACQUISITION
Terms of availability General Book
040 ## - CATALOGING SOURCE
Original cataloging agency RTL
Transcribing agency RTL
Language of cataloging eng
041 ## - LANGUAGE CODE
Source of code eng
Language code of text/sound track or separate title eng
110 ## - MAIN ENTRY--CORPORATE NAME
Corporate name or jurisdiction name as entry element National Workshop On Nuclear Power Plants With Specific Reference To Kaiga (Bangalore) (1988)
9 (RLIN) 237300
245 #0 - TITLE STATEMENT
Title Report and papers
260 ## - PUBLICATION, DISTRIBUTION, ETC.
Place of publication, distribution, etc. Banglore
Name of publisher, distributor, etc. Govt. Press India
Date of publication, distribution, etc. 1989
490 ## - SERIES STATEMENT
Series statement Karnataka, Science And Technology (Deptt Of-),Publication
650 ## - SUBJECT ADDED ENTRY--TOPICAL TERM
Topical term or geographic name entry element Fuel Industry Nuclear
9 (RLIN) 237301
700 ## - ADDED ENTRY--PERSONAL NAME
Personal name National Workshop On Nuclear Power Plants With Specific Reference To Kaiga (Bangalore) (1988)
9 (RLIN) 237302
942 ## - ADDED ENTRY ELEMENTS (KOHA)
Classification part X9(F552).213.N8, M9/GD
Koha item type General Books
Source of classification or shelving scheme Colon Classification (CC)

No items available.

Copyright @ Delhi University Library System